WAR KISHI Store Design 5 bus tops + 1 (Record no. 11160)

MARC details
000 -CABECERA
campo de control de longitud fija 00388nam a2200145 4500
005 - FECHA Y HORA DE LA ÚLTIMA TRANSACCIÓN
campo de control 20260530113842.0
100 1# - ENTRADA PRINCIPAL--NOMBRE DE PERSONA
Nombre de persona Maurizio Bradaschia
9 (RLIN) 30335
245 10 - MENCIÓN DE TÍTULO
Título WAR KISHI Store Design 5 bus tops + 1
264 #1 - PRODUCCIÓN, PUBLICACIÓN, DISTRIBUCIÓN, FABRICACIÓN Y COPYRIGHT
Nombre del de productor, editor, distribuidor, fabricante Logos Art ®
Fecha de producción, publicación, distribución, fabricación o copyright 1999
300 ## - DESCRIPCIÓN FÍSICA
Extensión 70 páginas
336 ## - TIPO DE CONTENIDO
Término de tipo de contenido texto
Fuente rdacontent
337 ## - TIPO DE MEDIO
Nombre/término del tipo de medio sin medio
Fuente rdamedia
338 ## - TIPO DE SOPORTE
Nombre/término del tipo de soporte volumen
Fuente rdacarrier
500 ## - NOTA GENERAL
Nota general Libro destacado !!!

No items available.